Peterson's Principles of Oral & Maxilofacial Surgery (Record no. 26865)

MARC details
000 -LEADER
fixed length control field 00408nam a22001577a 4500
003 - CONTROL NUMBER IDENTIFIER
control field SGT
020 ## - INTERNATIONAL STANDARD BOOK NUMBER
International Standard Book Number 9783030919191
082 ## - DEWEY DECIMAL CLASSIFICATION NUMBER
Classification number 617.522
Item number P22M
100 ## - MAIN ENTRY--PERSONAL NAME
Personal name Miloro, Michael
245 ## - TITLE STATEMENT
Title Peterson's Principles of Oral & Maxilofacial Surgery
250 ## - EDITION STATEMENT
Edition statement 4th
260 ## - PUBLICATION, DISTRIBUTION, ETC. (IMPRINT)
Name of publisher, distributor, etc Springer
Year of Publication 2022
300 ## - PAGE DESCRIPTION
No. of Pages Vol.1 : 1-1241 Vol.2 : 1242-2328
650 ## - SUBJECT ADDED ENTRY--TOPICAL TERM
Topical term or geographic name as entry element Oral & Maxillofacial Surgery
942 ## - ADDED ENTRY ELEMENTS (KOHA)
Source of classification or shelving scheme Dewey Decimal Classification
Koha item type Books
942 ## - ADDED ENTRY ELEMENTS (KOHA)
-- 2
Holdings
Withdrawn status Lost status Source of classification or shelving scheme Damaged status Not for loan Home library Current library Shelving location Date acquired Vendor Name Cost, normal purchase price Volume Information (Serial or Books or Non-Book Material) SGTU Bill Number Total Checkouts Full call number Accession No. (Barcode) Date last seen Date last borrowed Bill Date Koha item type
    Dewey Decimal Classification     SGT Dental Library SGT Dental Library Reference Book 06/09/2024 Ahuja Book Co. Pvt. Ltd. 18819.00 1 SGTU 19153 1 617.522 P22M FD9480 25/12/2024 25/12/2024   Books
    Dewey Decimal Classification     SGT Dental Library SGT Dental Library Reference Book 06/09/2024 Ahuja Book Co. Pvt. Ltd. 18819.00 2 SGTU 19153 1 617.522 P22M FD9481 03/03/2025 27/02/2025   Books